| 000 | 00432nam a2200181Ia 4500 | ||
|---|---|---|---|
| 005 | 20250423095702.0 | ||
| 008 | 250422s9999 xx 000 0 und d | ||
| 020 | _a9781838988388 | ||
| 050 | _aTK 7882 .B63/ | ||
| 100 | _aBock, Lisa | ||
| 245 | 0 | _aIdentity Management with Biometrics | |
| 260 | _aSwitzerland | ||
| 260 | _bSpringer | ||
| 260 | _c2023 | ||
| 300 | _a257 p | ||
| 650 | _aBiometric identification | ||
| 942 | _cBK | ||
| 999 |
_c31024 _d31024 |
||